| 000 | 00629cam a22001697a 4500 | ||
|---|---|---|---|
| 999 |
_c508349 _d508349 |
||
| 008 | 180718b1998 xxu||||| |||| 00| 0 eng d | ||
| 082 | _aBA27x54 N213/1998(H) | ||
| 100 |
_aIndia. National Commission for Scheduled Castes and Scheduled Tribes _93638 |
||
| 245 | _aNational Commission for Scheduled Castes and Scheduled Tribes: special report, January 1998 | ||
| 260 |
_aNew Delhi _bGovernment of India Press _c1998 |
||
| 300 | _a54p. | ||
| 500 | _aChairman: H. Hanumanthappa | ||
| 650 |
_aIndia - Scheduled tribes _93639 |
||
| 650 |
_aUntouchables - India _93640 |
||
| 700 |
_aHanumanthappa, H. (Chairman) _93641 |
||
| 942 | _2ddc | ||